Prečo si Američania viac veria?
Američanov od malička vvychovávajú v duchu, že sú úžasní. Ich viera vo vlastné schopnosti im dodáva silu prekonávať prekážky. Jedným z hnacích motorov úspechu je pozitívne myslenie. Ďalším významným krokom je učenie sa zodpovednosti prijatím dôsledkov svojho správania. Pre správny rozvoj sebavedomia...
Salvato in:
| Autore principale: | |
|---|---|
| Natura: | Capitolo di libro |
| Lingua: | slovacco |
| Soggetti: | |
| Tags: |
Nessun Tag, puoi essere il primo ad aggiungerne!!
|
MARC
| LEADER | 00000naa a2200000 4500 | ||
|---|---|---|---|
| 001 | 0160303 | ||
| 005 | 20241118101952.0 | ||
| 041 | 0 | |a slo | |
| 044 | |a SK | ||
| 245 | 1 | 0 | |a Prečo si Američania viac veria? |c Petra Švorcová |
| 520 | |a Američanov od malička vvychovávajú v duchu, že sú úžasní. Ich viera vo vlastné schopnosti im dodáva silu prekonávať prekážky. Jedným z hnacích motorov úspechu je pozitívne myslenie. Ďalším významným krokom je učenie sa zodpovednosti prijatím dôsledkov svojho správania. Pre správny rozvoj sebavedomia sú dôležité aj priateľstvá. Sebahodnotenie a sebavedomie človeka sa vyvíja od najútlejšieho detstva. Na Slovensku sa na pocitoch nízkeho sebavedomia podieľa aj tradičná výchova. Stupienky k zvyšovaniu sebadôvery. | ||
| 610 | 2 | 0 | |a sebapoznanie |
| 610 | 2 | 0 | |a sebadôvera |
| 610 | 2 | 0 | |a sebarealizácia |
| 610 | 2 | 0 | |a správanie |
| 610 | 2 | 0 | |a psychológia |
| 610 | 2 | 0 | |a výchova |
| 100 | 1 | |a Švorcová, Petra | |